[Event "SRB-chT 2nd League"]
[Site "Vrnjacka Banja"]
[Date "2022.11.06"]
[Round "3.1"]
[White "Miranovic, Rajko"]
[Black "Milekic, Daniel"]
[Result "0-1"]
[WhiteElo "2343"]
[BlackElo "2264"]
[PlyCount "82"]
[EventDate "2022.11.04"]
[EventType "team-tourn"]
[EventRounds "11"]
[EventCountry "SRB"]
[SourceTitle "CBM 211 Extra"]
[Source "ChessBase"]
[SourceDate "2023.01.31"]
[SourceVersion "1"]
[SourceVersionDate "2023.01.31"]
[SourceQuality "1"]
[WhiteTeam "Sombor"]
[BlackTeam "Dec"]
[WhiteTeamCountry "SRB"]
[BlackTeamCountry "SRB"]

1. e4 c5 2. Nf3 d6 3. d4 cxd4 4. Nxd4 Nf6 5. Nc3 a6 6. Be2 e5 7. Nb3 Be7 8. Be3 Be6 9. Nd5 Nbd7 10. Qd3 Bxd5 11. exd5 0-0 12. a4 Ne8 13. 0-0 Bg5 14. c4 a5 15. Rad1 b6 16. Bxg5 Qxg5 17. f4 exf4 18. Nd4 Nc5 19. Qd2 Nf6 20. Rxf4 Rfe8 21. Rdf1 Qe5 22. Bd1 Nfe4 23. Qe3 g6 24. Nc6 Qg5 25. h4 Qh6 26. Bc2 f5 27. Nd4 Nf6 28. Qh3 Re5 29. R4f3 Rae8 30. Bxf5 gxf5 31. Nxf5 Rxf5 32. Rxf5 Nce4 33. g4 Qg7 34. g5 Nh5 35. Qe3 Nhg3 36. Rf7 Qxb2 37. R1f2 Qa1+ 38. Rf1 Nxf1 39. Rxf1 Qe5 40. Kg2 Nc5 41. Qf2 Qe2 0-1

[Event "CRO-chT2 East"]
[Site "Osijek"]
[Date "2013.10.27"]
[Round "11.22"]
[White "Dabo Peranic, Robert"]
[Black "Miranovic, Rajko"]
[Result "0-1"]
[WhiteElo "2322"]
[BlackElo "2382"]
[PlyCount "60"]
[EventDate "2013.04.20"]
[EventType "team-tourn"]
[EventRounds "11"]
[EventCountry "CRO"]
[SourceTitle "EXT 2023"]
[Source "ChessBase"]
[SourceDate "2022.10.05"]
[SourceVersion "1"]
[SourceVersionDate "2022.10.05"]
[SourceQuality "1"]

1. e4 c5 2. Nf3 d6 3. d4 cxd4 4. Nxd4 Nf6 5. Nc3 a6 6. Bg5 e6 7. Qf3 Be7 8. 0-0-0 Nbd7 9. Kb1 Qc7 10. Qg3 Nc5 11. f3 Bd7 12. Be3 0-0 13. Qf2 b5 14. g4 b4 15. Nce2 Rfc8 16. g5 Ne8 17. Nc1 a5 18. Qd2 a4 19. h4 b3 20. cxb3 axb3 21. Ndxb3 Ba4 22. Qc3 Qb7 23. Nxc5 dxc5 24. b3 c4 25. Bxc4 Bb5 26. Ka1 Bxc4 27. bxc4 Ra3 28. Qd4 Rb8 29. Nd3 Rxa2+ 30. Kxa2 Qb3+ 0-1

[Event "CRO-chT2 East"]
[Site "Osijek"]
[Date "2013.04.20"]
[Round "2.11"]
[White "Dekic, Josip"]
[Black "Miranovic, Rajko"]
[Result "1/2-1/2"]
[WhiteElo "2290"]
[BlackElo "2382"]
[PlyCount "55"]
[EventDate "2013.04.20"]
[EventType "team-tourn"]
[EventRounds "11"]
[EventCountry "CRO"]
[SourceTitle "EXT 2023"]
[Source "ChessBase"]
[SourceDate "2022.10.05"]
[SourceVersion "1"]
[SourceVersionDate "2022.10.05"]
[SourceQuality "1"]

1. e4 e5 2. Nf3 Nc6 3. Bc4 Bc5 4. c3 Nf6 5. d4 exd4 6. e5 d5 7. Be2 Ne4 8. cxd4 Bb6 9. Nc3 0-0 10. 0-0 Bg4 11. Be3 Ne7 12. Na4 Nf5 13. Nxb6 Nxe3 14. fxe3 axb6 15. Nd2 Bxe2 16. Qxe2 Nxd2 17. Qxd2 f6 18. exf6 Rxf6 19. Rxf6 Qxf6 20. Rf1 Qe7 21. a3 c6 22. Qd3 b5 23. h3 b4 24. axb4 Qxb4 25. Qf5 Qe7 26. Rf3 h6 27. Qf4 Rd8 28. Qf5 1/2-1/2

[Event "Vojvodina-chT2"]
[Site "Vrbas"]
[Date "2011.09.30"]
[Round "8"]
[White "Miranovic, Rajko"]
[Black "Mijatovic, Dejan"]
[Result "1-0"]
[WhiteElo "2376"]
[BlackElo "2276"]
[PlyCount "71"]
[EventDate "2011.09.25"]
[EventType "team-tourn"]
[EventRounds "11"]
[EventCountry "SRB"]
[SourceTitle "CBM 144 Extra"]
[Source "ChessBase"]
[SourceDate "2011.10.28"]
[SourceVersion "1"]
[SourceVersionDate "2011.10.28"]
[SourceQuality "1"]

1. e4 c5 2. Nf3 d6 3. d4 cxd4 4. Nxd4 Nf6 5. Nc3 a6 6. Be2 e6 7. 0-0 Be7 8. a4 0-0 9. f4 Qc7 10. Kh1 Nc6 11. Be3 Nxd4 12. Qxd4 e5 13. Qd3 exf4 14. Bxf4 Be6 15. Qg3 Rad8 16. Bh6 Ne8 17. Bd3 Qc5 18. Be3 Qh5 19. Ne2 Bh4 20. Qf4 Bf6 21. Qf2 Be5 22. Nf4 Qh6 23. Qg1 g5 24. Nxe6 fxe6 25. Bd4 Rxf1 26. Rxf1 Bxd4 27. Qxd4 Qg7 28. Qb6 Rd7 29. Bc4 Qe7 30. Qd4 Rc7 31. h3 Rc5 32. Bb3 Re5 33. Rf5 Rxf5 34. exf5 Nc7 35. fxe6 Nxe6 36. Qe4 1-0

[Event "Vojvodina-chT2"]
[Site "Vrbas"]
[Date "2011.09.30"]
[Round "9"]
[White "Miranovic, Rajko"]
[Black "Ratkovic, Miloje"]
[Result "1-0"]
[WhiteElo "2376"]
[BlackElo "2135"]
[PlyCount "69"]
[EventDate "2011.09.25"]
[EventType "team-tourn"]
[EventRounds "11"]
[EventCountry "SRB"]
[SourceTitle "CBM 144 Extra"]
[Source "ChessBase"]
[SourceDate "2011.10.28"]
[SourceVersion "1"]
[SourceVersionDate "2011.10.28"]
[SourceQuality "1"]

1. e4 c6 2. d4 d5 3. exd5 cxd5 4. Nf3 Nc6 5. Ne5 Nf6 6. c3 Bf5 7. Nd2 e6 8. Ndf3 Bd6 9. Bg5 Qc7 10. Nxc6 bxc6 11. Bxf6 gxf6 12. Bd3 Bxd3 13. Qxd3 0-0 14. 0-0 Kh8 15. c4 Bf4 16. g3 Bh6 17. Rfe1 Rad8 18. c5 Rfe8 19. b4 e5 20. Qf5 e4 21. Nh4 Bg5 22. Ng2 a5 23. bxa5 Qxa5 24. Ne3 Qa4 25. h4 Bxe3 26. Qxf6+ Kg8 27. fxe3 Qa5 28. Rf1 Rd7 29. Rf4 Re6 30. Rg4+ Kf8 31. Qg7+ Ke7 32. Rf1 Kd8 33. Qh8+ Kc7 34. Rg8 Qa6 35. Rb1 1-0

[Event "Vojvodina-chT2"]
[Site "Vrbas"]
[Date "2011.09.26"]
[Round "3"]
[White "Mastrapovic, Vladimir"]
[Black "Miranovic, Rajko"]
[Result "1/2-1/2"]
[WhiteElo "2260"]
[BlackElo "2376"]
[PlyCount "89"]
[EventDate "2011.09.25"]
[EventType "team-tourn"]
[EventRounds "11"]
[EventCountry "SRB"]
[SourceTitle "CBM 144 Extra"]
[Source "ChessBase"]
[SourceDate "2011.10.28"]
[SourceVersion "1"]
[SourceVersionDate "2011.10.28"]
[SourceQuality "1"]

1. e4 e5 2. Nf3 Nc6 3. Bb5 Nf6 4. 0-0 Nxe4 5. d4 Nd6 6. Bxc6 dxc6 7. dxe5 Nf5 8. Qxd8+ Kxd8 9. h3 h6 10. Nc3 Bd7 11. Ne4 Kc8 12. Bd2 b6 13. c4 c5 14. Bc3 Kb7 15. g4 Ne7 16. Ng3 Be6 17. b3 a5 18. Nd2 g5 19. Nh5 Ng6 20. Ne4 a4 21. Nef6 Be7 22. Nd5 Rhd8 23. Rfd1 axb3 24. axb3 Rxa1 25. Bxa1 c6 26. Ne3 Rxd1+ 27. Nxd1 Bd8 28. Ng7 Bc7 29. Ne3 Nxe5 30. Nxe6 fxe6 31. Kg2 Ka6 32. Bxe5 Bxe5 33. Kf3 Ka5 34. Nc2 b5 35. Ke4 Bg7 36. Kd3 Bb2 37. f3 Bf6 38. Ke4 Bc3 39. Kd3 Be5 40. Ke4 Bg3 41. Kd3 Bf2 42. Ke2 Bd4 43. Kd3 Bg1 44. Kc3 Bf2 45. Kd3 1/2-1/2

[Event "Vojvodina-chT 2nd League"]
[Site "Sombor"]
[Date "2010.10.16"]
[Round "8"]
[White "Vukic, Radivoje"]
[Black "Miranovic, Rajko"]
[Result "1/2-1/2"]
[WhiteElo "2343"]
[BlackElo "2380"]
[PlyCount "22"]
[EventDate "2010.10.10"]
[EventType "team-tourn"]
[EventRounds "9"]
[EventCountry "YUG"]
[SourceTitle "CBM 138 Extra"]
[Source "ChessBase"]
[SourceDate "2010.10.29"]
[SourceVersion "1"]
[SourceVersionDate "2010.10.29"]
[SourceQuality "1"]

1. d4 d5 2. Nf3 Nf6 3. c4 e6 4. g3 dxc4 5. Bg2 a6 6. 0-0 b5 7. Ne5 c6 8. Nxc6 Qb6 9. Nxb8 Rxb8 10. e4 Bb7 11. d5 e5 1/2-1/2

[Event "CRO-chT2c"]
[Site "Croatia"]
[Date "2009.10.18"]
[Round "9"]
[White "Runic, Zoran"]
[Black "Miranovic, Rajko"]
[Result "1/2-1/2"]
[WhiteElo "2429"]
[BlackElo "2385"]
[PlyCount "123"]
[EventDate "2009.04.04"]
[EventType "team-tourn"]
[EventRounds "11"]
[EventCountry "CRO"]
[SourceTitle "EXT 2011"]
[Source "ChessBase"]
[SourceDate "2010.11.26"]
[SourceVersion "1"]
[SourceVersionDate "2010.11.26"]
[SourceQuality "1"]

1. e4 e5 2. Nf3 Nc6 3. Bb5 Nf6 4. 0-0 Nxe4 5. d4 Nd6 6. Bxc6 dxc6 7. dxe5 Nf5 8. Qxd8+ Kxd8 9. Nc3 Ne7 10. h3 h6 11. b3 Ng6 12. Bb2 Bd7 13. Ne4 Kc8 14. Rad1 c5 15. Nh2 Bc6 16. Rde1 Nf4 17. Bc1 Nd5 18. c3 a5 19. f4 c4 20. f5 cxb3 21. axb3 a4 22. b4 Nb6 23. Nf3 a3 24. Nd4 Bxe4 25. Rxe4 a2 26. Bb2 Nc4 27. Ba1 Nd2 28. Rg4 Nxf1 29. Kxf1 b6 30. Ke2 Kb7 31. Kd3 h5 32. Re4 Be7 33. Kc2 c5 34. bxc5 Bxc5 35. Nf3 Kc6 36. Ng5 Ra7 37. e6 fxe6 38. Rxe6+ Kb5 39. Ne4 Rf8 40. Kb3 Ra3+ 41. Kb2 Ra4 42. Kb3 Ra3+ 43. Kb2 Ra5 44. Re5 Rd8 45. Kc2 Ra7 46. Re6 Rf7 47. g4 hxg4 48. hxg4 Rh8 49. Kb3 Rh3 50. Ng5 Rh1 51. Nxf7 Rxa1 52. c4+ Ka6 53. Ne5 Rg1 54. Kxa2 Bd4 55. Nd7 Rxg4 56. c5 Kb7 57. cxb6 Rf4 58. Rd6 Bxb6 59. Nxb6 Rxf5 60. Nd5 g5 61. Kb3 g4 62. Kc4 1/2-1/2

[Event "CRO-chT2c"]
[Site "Croatia"]
[Date "2009.10.17"]
[Round "7"]
[White "Kalajzic, Ivan"]
[Black "Miranovic, Rajko"]
[Result "0-1"]
[WhiteElo "2269"]
[BlackElo "2385"]
[PlyCount "64"]
[EventDate "2009.04.04"]
[EventType "team-tourn"]
[EventRounds "11"]
[EventCountry "CRO"]
[SourceTitle "EXT 2011"]
[Source "ChessBase"]
[SourceDate "2010.11.26"]
[SourceVersion "1"]
[SourceVersionDate "2010.11.26"]
[SourceQuality "1"]

1. Nf3 d5 2. d4 Nf6 3. Bf4 c5 4. c3 Qb6 5. Qb3 c4 6. Qxb6 axb6 7. Bxb8 Rxb8 8. b3 b5 9. Nfd2 Ra8 10. e4 cxb3 11. Bxb5+ Bd7 12. Bxd7+ Kxd7 13. Nxb3 Nxe4 14. f3 Nd6 15. Nc5+ Kc7 16. Nd2 e6 17. Ke2 Be7 18. a4 Ra7 19. c4 dxc4 20. Rhc1 b5 21. axb5 Rxa1 22. b6+ Kxb6 23. Rxa1 c3 24. Ndb3 Nb5 25. Ra6+ Kc7 26. Ra5 Bxc5 27. Rxb5 Bd6 28. Na5 Rc8 29. Kd3 Kd7 30. Rb7+ Ke8 31. Nb3 c2 32. Nc1 Bf4 0-1

[Event "Vojvodina-chT"]
[Site "Sombor"]
[Date "2009.10.04"]
[Round "11"]
[White "Miranovic, Rajko"]
[Black "Kotrla, Sebastijan"]
[Result "0-1"]
[WhiteElo "2385"]
[BlackElo "2052"]
[PlyCount "60"]
[EventDate "2009.09.27"]
[EventType "team-swiss"]
[EventRounds "11"]
[EventCountry "YUG"]
[SourceTitle "EXT 2012"]
[Source "ChessBase"]
[SourceDate "2011.11.24"]
[SourceVersion "1"]
[SourceVersionDate "2011.11.24"]
[SourceQuality "1"]

1. e4 c5 2. Nf3 Nc6 3. d4 cxd4 4. Nxd4 Nf6 5. Nc3 e5 6. Ndb5 Bb4 7. a3 Bxc3+ 8. Nxc3 h6 9. Be3 d6 10. Qd2 Ng4 11. Nb5 Nxe3 12. Nxd6+ Qxd6 13. Qxd6 Nxc2+ 14. Kd2 Nxa1 15. Bb5 Nb3+ 16. Kc3 Nbd4 17. Qxe5+ Kf8 18. Qd6+ Kg8 19. Bxc6 Nxc6 20. Kc2 Be6 21. Kb1 Rd8 22. Qg3 Kh7 23. Qc3 Rd7 24. b4 Rhd8 25. Qc5 Rd3 26. b5 Na5 27. Qxa7 Rb3+ 28. Kc2 Rxa3 29. Kb1 Ba2+ 30. Kc2 Rd2+ 0-1

[Event "Vojvodina-chT"]
[Site "Sombor"]
[Date "2009.10.01"]
[Round "7"]
[White "Bodiroga, Predrag"]
[Black "Miranovic, Rajko"]
[Result "1-0"]
[WhiteElo "2410"]
[BlackElo "2385"]
[PlyCount "137"]
[EventDate "2009.09.27"]
[EventType "team-swiss"]
[EventRounds "11"]
[EventCountry "YUG"]
[SourceTitle "EXT 2012"]
[Source "ChessBase"]
[SourceDate "2011.11.24"]
[SourceVersion "1"]
[SourceVersionDate "2011.11.24"]
[SourceQuality "1"]

1. d4 d5 2. c4 e6 3. Nc3 Be7 4. Nf3 Nf6 5. Bf4 0-0 6. e3 c5 7. dxc5 Bxc5 8. a3 Nc6 9. Qc2 Qa5 10. Rd1 Be7 11. Be2 Ne4 12. cxd5 Nxc3 13. Qxc3 Qxc3+ 14. bxc3 exd5 15. Rxd5 Bxa3 16. Nd4 Nxd4 17. exd4 b6 18. Kd2 a6 19. Ra1 Be6 20. Re5 Bd6 21. Re4 Bxf4+ 22. Rxf4 b5 23. Bf3 Ra7 24. d5 Bc8 25. c4 bxc4 26. Ra5 Bd7 27. Rxc4 Bb5 28. Rc5 Rd7 29. Ke3 Rfd8 30. Kd4 Kf8 31. Ra2 Re7 32. Rc1 g6 33. g4 h6 34. h4 Kg7 35. Be4 Red7 36. Rc5 Rd6 37. Rac2 Bd7 38. g5 hxg5 39. hxg5 Rb6 40. Rc7 a5 41. Ra7 a4 42. f3 Be8 43. Rc5 Bd7 44. Rcc7 Be8 45. Ke5 Kf8 46. Rc5 Bb5 47. Rcc7 Be8 48. Ra5 Bd7 49. Rca7 Re8+ 50. Kd4 Ke7 51. Rxa4 Kd6 52. R4a6 Reb8 53. f4 Be8 54. Bd3 Bd7 55. Bc4 Be8 56. Ra8 Rxa8 57. Rxb6+ Kc7 58. Kc5 Ra5+ 59. Bb5 Bxb5 60. Rxb5 Ra1 61. d6+ Kc8 62. Kc6 Rc1+ 63. Kd5 Re1 64. Ra5 Kd7 65. Ra7+ Ke8 66. Ra8+ Kd7 67. Rf8 Rd1+ 68. Ke5 Re1+ 69. Kf6 1-0

[Event "Vojvodina-chT"]
[Site "Sombor"]
[Date "2009.09.30"]
[Round "5"]
[White "Vlatkovic, Milos"]
[Black "Miranovic, Rajko"]
[Result "1/2-1/2"]
[WhiteElo "2302"]
[BlackElo "2385"]
[PlyCount "106"]
[EventDate "2009.09.27"]
[EventType "team-swiss"]
[EventRounds "11"]
[EventCountry "YUG"]
[SourceTitle "EXT 2012"]
[Source "ChessBase"]
[SourceDate "2011.11.24"]
[SourceVersion "1"]
[SourceVersionDate "2011.11.24"]
[SourceQuality "1"]

1. d4 d5 2. c4 e6 3. Nc3 Be7 4. cxd5 exd5 5. Bf4 c6 6. e3 Bf5 7. Nge2 Nd7 8. h3 Nb6 9. Nc1 Nf6 10. Be2 0-0 11. 0-0 Bd6 12. Bxd6 Qxd6 13. Nd3 Rae8 14. Nc5 Re7 15. Bd3 Bxd3 16. Qxd3 Rfe8 17. b3 Qc7 18. Rac1 Nc8 19. b4 Nd6 20. b5 g6 21. bxc6 bxc6 22. Rb1 Nd7 23. Nxd7 Qxd7 24. Na4 Nc4 25. Nc5 Qd8 26. Rb4 Qa5 27. Ra4 Qc7 28. Rb4 Qa5 29. Rfb1 Qxa2 30. Ra4 Qd2 31. Qxd2 Nxd2 32. Rba1 Rb8 33. R4a2 Rb1+ 34. Rxb1 Nxb1 35. Na4 Rb7 36. Kf1 Rb3 37. Ke2 Ra3 38. Rxa3 Nxa3 39. Nc5 Nb5 40. Na6 Kf8 41. Nb8 Ke7 42. Nxc6+ Kd6 43. Nd8 f5 44. Kd3 Kd7 45. Nb7 Kc7 46. Nc5 Kc6 47. Ne6 g5 48. f3 a5 49. Kc2 a4 50. Nc5 a3 51. Kb3 f4 52. Ne6 h6 53. g3 Kd6 1/2-1/2

[Event "Vojvodina-chT"]
[Site "Sombor"]
[Date "2008.10.05"]
[Round "7"]
[White "Miranovic, Rajko"]
[Black "Pezelj, Novak"]
[Result "1/2-1/2"]
[WhiteElo "2383"]
[BlackElo "2325"]
[PlyCount "61"]
[EventDate "2008.10.01"]
[EventType "team-tourn"]
[EventRounds "11"]
[EventCountry "YUG"]
[SourceTitle "EXT 2010"]
[Source "ChessBase"]
[SourceDate "2010.11.25"]
[SourceVersion "1"]
[SourceVersionDate "2010.11.25"]
[SourceQuality "1"]

1. e4 c6 2. d4 d5 3. exd5 cxd5 4. Nf3 Nf6 5. Ne5 Nc6 6. c3 e6 7. Nd2 Nxe5 8. dxe5 Nd7 9. Nf3 Qc7 10. Bf4 Nc5 11. Be2 Bd7 12. 0-0 Be7 13. c4 dxc4 14. Bxc4 0-0 15. Rc1 a5 16. Nd4 Bc6 17. Qe2 Rfd8 18. Rfd1 Rac8 19. h3 Qb8 20. a3 a4 21. Nb5 Bxb5 22. Bxb5 Rxd1+ 23. Rxd1 Rd8 24. Rxd8+ Qxd8 25. Qc4 Qd1+ 26. Kh2 b6 27. Be3 g6 28. Bc6 Qd3 29. Qxd3 Nxd3 30. Bxa4 Nxb2 31. Bb5 1/2-1/2

[Event "Vojvodina-chT"]
[Site "Sombor"]
[Date "2008.10.03"]
[Round "4"]
[White "Kolognat, Petar"]
[Black "Miranovic, Rajko"]
[Result "0-1"]
[WhiteElo "2292"]
[BlackElo "2383"]
[PlyCount "89"]
[EventDate "2008.10.01"]
[EventType "team-tourn"]
[EventRounds "11"]
[EventCountry "YUG"]
[SourceTitle "EXT 2010"]
[Source "ChessBase"]
[SourceDate "2010.11.25"]
[SourceVersion "1"]
[SourceVersionDate "2010.11.25"]
[SourceQuality "1"]

1. d4 d5 2. Nc3 Nf6 3. Bg5 Bf5 4. f3 Nbd7 5. e3 h6 6. Bxf6 Nxf6 7. Bd3 e6 8. Nge2 c6 9. e4 dxe4 10. fxe4 Bg4 11. 0-0 Bb4 12. h3 Bh5 13. g4 Bg6 14. e5 Bxd3 15. Qxd3 Nd7 16. Ne4 Be7 17. Nf4 0-0 18. Nh5 c5 19. Qd2 Bg5 20. Nxg5 Qxg5 21. Qxg5 hxg5 22. c3 cxd4 23. cxd4 Nb6 24. Ng3 Rad8 25. Rad1 Nc4 26. Rf2 Nxe5 27. Ne4 Nc6 28. Rfd2 Rd5 29. Nc3 Rd7 30. d5 Ne5 31. Re2 f6 32. dxe6 Rxd1+ 33. Nxd1 Re8 34. Rc2 Rxe6 35. Ne3 Rc6 36. Rxc6 bxc6 37. b4 Kf7 38. a3 Ke6 39. Kf2 g6 40. Nd1 Kd5 41. Ke3 Nc4+ 42. Kd3 Nxa3 43. Ne3+ Ke5 44. Ng2 Nb5 45. h4 0-1

[Event "Vojvodina-chT"]
[Site "Sremska Mitrovica"]
[Date "2006.09.28"]
[Round "9"]
[White "Miranovic, Rajko"]
[Black "Bodiroga, Predrag"]
[Result "0-1"]
[WhiteElo "2384"]
[BlackElo "2399"]
[PlyCount "71"]
[EventDate "2006.09.22"]
[EventType "team"]
[EventRounds "9"]
[EventCountry "YUG"]
[SourceTitle "CBM 114 Extra"]
[Source "ChessBase"]
[SourceDate "2006.11.03"]
[SourceVersion "1"]
[SourceVersionDate "2006.11.03"]
[SourceQuality "1"]

1. e4 c6 2. d4 d5 3. e5 Bf5 4. h4 h5 5. c4 e6 6. Nc3 Be7 7. cxd5 cxd5 8. Nf3 Nc6 9. Bd3 Bg4 10. Be2 Qb6 11. Na4 Qa5+ 12. Bd2 Bb4 13. Nc3 Bxf3 14. gxf3 Nxd4 15. a3 Nxe2 16. axb4 Nxc3 17. Bxc3 Qc7 18. Bd4 Ne7 19. Rc1 Qd7 20. Qd2 Nf5 21. Rg1 Rc8 22. Rxc8+ Qxc8 23. Bc5 b6 24. Bd6 Qa6 25. Qc1 Qc4 26. Qxc4 dxc4 27. Ke2 Kd7 28. Ra1 Ra8 29. Rc1 Rc8 30. Rd1 Kc6 31. Ra1 Kb7 32. b5 Nd4+ 33. Kf1 Nxb5 34. Be7 Nc7 35. Ke2 Nd5 36. Bd6 0-1

[Event "Vojvodina-chT"]
[Site "Sremska Mitrovica"]
[Date "2006.09.27"]
[Round "8"]
[White "Ilincic, Zlatko"]
[Black "Miranovic, Rajko"]
[Result "1-0"]
[WhiteElo "2515"]
[BlackElo "2384"]
[PlyCount "51"]
[EventDate "2006.09.22"]
[EventType "team"]
[EventRounds "9"]
[EventCountry "YUG"]
[SourceTitle "CBM 114 Extra"]
[Source "ChessBase"]
[SourceDate "2006.11.03"]
[SourceVersion "1"]
[SourceVersionDate "2006.11.03"]
[SourceQuality "1"]

1. d4 d5 2. c4 e6 3. Nf3 Nf6 4. g3 dxc4 5. Bg2 Nc6 6. Qa4 Bb4+ 7. Bd2 Bd6 8. Ne5 Bxe5 9. Bxc6+ bxc6 10. dxe5 Qd5 11. f3 Nd7 12. Nc3 Qc5 13. f4 0-0 14. 0-0-0 Nb6 15. Qc2 Bb7 16. Ne4 Qe7 17. Ng5 g6 18. h4 c5 19. h5 Kg7 20. hxg6 Bxh1 21. gxf7 Rh8 22. f5 exf5 23. Qxf5 Bd5 24. e6 h6 25. Bc3+ Kf8 26. Bf6 1-0

[Event "Vojvodina-chT"]
[Site "Sremska Mitrovica"]
[Date "2006.09.26"]
[Round "7"]
[White "Rogac, Srdjan"]
[Black "Miranovic, Rajko"]
[Result "0-1"]
[WhiteElo "2329"]
[BlackElo "2384"]
[PlyCount "78"]
[EventDate "2006.09.22"]
[EventType "team"]
[EventRounds "9"]
[EventCountry "YUG"]
[SourceTitle "CBM 114 Extra"]
[Source "ChessBase"]
[SourceDate "2006.11.03"]
[SourceVersion "1"]
[SourceVersionDate "2006.11.03"]
[SourceQuality "1"]

1. e4 e5 2. Nf3 Nc6 3. d4 exd4 4. Bc4 Nf6 5. e5 d5 6. Bb5 Ne4 7. Nxd4 Bd7 8. Bxc6 bxc6 9. 0-0 Bc5 10. Be3 Bb6 11. f3 Ng5 12. Qd2 Ne6 13. f4 Nxd4 14. Bxd4 c5 15. Bf2 d4 16. Na3 Bc6 17. Bg3 h5 18. h4 Qd5 19. b3 Ba5 20. Qe2 0-0-0 21. Nc4 Bc3 22. Rad1 f5 23. Be1 Bxe1 24. Rfxe1 Rh6 25. Kh2 Rg6 26. g3 Qe6 27. Nd2 Qd5 28. c4 Qe6 29. Nf3 Bb7 30. Ng5 Qc6 31. Rd2 a5 32. Qxh5 Kb8 33. e6 Rh6 34. e7 Re8 35. Qf7 Ka7 36. Qxf5 Rxe7 37. Qb1 Re3 38. Nf7 Rxg3 39. Qe4 Qf6 0-1

[Event "Vojvodina-chT"]
[Site "Sremska Mitrovica"]
[Date "2006.09.23"]
[Round "2"]
[White "Miranovic, Rajko"]
[Black "Berescu, Alin Mile"]
[Result "0-1"]
[WhiteElo "2384"]
[BlackElo "2491"]
[PlyCount "56"]
[EventDate "2006.09.22"]
[EventType "team"]
[EventRounds "9"]
[EventCountry "YUG"]
[SourceTitle "CBM 114 Extra"]
[Source "ChessBase"]
[SourceDate "2006.11.03"]
[SourceVersion "1"]
[SourceVersionDate "2006.11.03"]
[SourceQuality "1"]

1. e4 e6 2. d4 d5 3. Nd2 Nf6 4. e5 Nfd7 5. Bd3 c5 6. c3 Nc6 7. Ne2 cxd4 8. cxd4 f6 9. exf6 Nxf6 10. 0-0 Bd6 11. Nf3 Qc7 12. Bg5 0-0 13. Bh4 Nh5 14. Nc3 a6 15. Rc1 g6 16. Bg5 Qg7 17. Be3 Bd7 18. Re1 Rae8 19. a3 Kh8 20. Na4 e5 21. dxe5 Nxe5 22. Nxe5 Qxe5 23. g3 d4 24. Bd2 Qf6 25. f4 Rxe1+ 26. Bxe1 Nxf4 27. gxf4 Qxf4 28. Qd2 Bxa4 0-1

[Event "Vojvodina-chT"]
[Site "Sremska Mitrovica"]
[Date "2006.09.23"]
[Round "3"]
[White "Popovic, Milos T"]
[Black "Miranovic, Rajko"]
[Result "0-1"]
[WhiteElo "2408"]
[BlackElo "2384"]
[PlyCount "114"]
[EventDate "2006.09.22"]
[EventType "team"]
[EventRounds "9"]
[EventCountry "YUG"]
[SourceTitle "CBM 114 Extra"]
[Source "ChessBase"]
[SourceDate "2006.11.03"]
[SourceVersion "1"]
[SourceVersionDate "2006.11.03"]
[SourceQuality "1"]

1. e4 c5 2. Nf3 d6 3. b4 cxb4 4. d4 Nf6 5. Bd3 g6 6. h3 Bg7 7. 0-0 0-0 8. a3 bxa3 9. Bxa3 Nc6 10. d5 Nb8 11. Nbd2 Nbd7 12. Nb3 Nh5 13. Qd2 Ne5 14. Nxe5 Bxe5 15. f4 Qb6+ 16. Kh2 Nxf4 17. Rxf4 g5 18. Raf1 gxf4 19. Rxf4 f6 20. Kh1 Bxf4 21. Qxf4 Rf7 22. Bc1 Bd7 23. Be3 Qd8 24. Nd4 Kh8 25. Be2 Qg8 26. Bg4 Bxg4 27. hxg4 Qg5 28. Qf3 Qh4+ 29. Kg1 Rg8 30. g5 Rxg5 31. Bxg5 Qxg5 32. Ne6 Qc1+ 33. Kh2 Qh6+ 34. Kg1 Rg7 35. Nxg7 Kxg7 36. Qg4+ Qg5 37. Qd7 Qe3+ 38. Kh1 Qxe4 39. Qxb7 a5 40. Qb5 a4 41. c4 a3 42. Qb3 Qe1+ 43. Kh2 Qe5+ 44. Kh3 Qb2 45. Qg3+ Kf7 46. Qe3 Ke8 47. c5 dxc5 48. Qxc5 Qb3+ 49. g3 Kf7 50. Qc6 Qe3 51. Qa6 Qh6+ 52. Kg2 Qd2+ 53. Kh3 Qe3 54. Qc4 h5 55. Qc2 Kg7 56. Qa4 Qf3 57. Kh2 Qe2+ 0-1

[Event "YUG-chT2"]
[Site "Yugoslavia"]
[Date "2000.09.??"]
[Round "3"]
[White "Miranovic, Rajko"]
[Black "Feher, Sinisa"]
[Result "1-0"]
[WhiteElo "2388"]
[BlackElo "2256"]
[PlyCount "77"]
[EventDate "2000.09.??"]
[EventType "team"]
[EventRounds "11"]
[EventCountry "YUG"]
[SourceTitle "EXT 2005"]
[Source "ChessBase"]
[SourceDate "2004.11.15"]
[SourceVersion "1"]
[SourceVersionDate "2004.11.15"]
[SourceQuality "1"]

1. e4 c5 2. Nf3 d6 3. d4 cxd4 4. Nxd4 Nf6 5. Nc3 g6 6. Be2 Bg7 7. 0-0 0-0 8. Re1 Nc6 9. Nb3 Be6 10. Bf1 d5 11. Nc5 d4 12. Nxe6 fxe6 13. Ne2 e5 14. Ng3 Qb6 15. a3 Qc5 16. Bd3 b5 17. Qe2 a6 18. Bd2 Rfc8 19. h4 Nd8 20. h5 Ne6 21. hxg6 hxg6 22. Nf1 Kf7 23. a4 bxa4 24. Rxa4 Rh8 25. Ra5 Qd6 26. Bc4 Rh4 27. Ng3 Ne8 28. Nf5 gxf5 29. exf5 N8c7 30. fxe6+ Kg8 31. Ra3 Nxe6 32. Bg5 Rh8 33. Qe4 Kf7 34. Rea1 Rhb8 35. Rxa6 Rxa6 36. Rxa6 Rb6 37. Qf5+ Bf6 38. Bxf6 exf6 39. Bxe6+ 1-0